Who Is Taller? - Football Edition - Statistics

General Stats
  • This quiz has been taken 59 times
  • The average score is 6 of 10
Answer Stats
Question Answer % Correct
Which Manchester City player is tallest? Erling Haaland
97%
Which Arsenal player is the tallest? Declan Rice
71%
Which Juventus player is the tallest? Wojciech Szczęsny
71%
Which Chelsea icon is tallest? Petr Čech
68%
Which Barcelona player is the tallest? Ronald Araujo
55%
Which Liverpool player is tallest? Mo Salah
45%
Which Borussia Dortmund player is tallest? Nico Schlotterbeck
42%
Which Bayern Munich player is tallest? Harry Kane
39%
Which Atletico Madrid player is tallest? Memphis Depay
39%
Which Real Madrid player is tallest? Joselu
26%
No matching quizzes found
Score Distribution
Percent of People with Each Score
Percentile by Number Answered
Your Score History
You have not taken this quiz